History Quiz

Random History or Year Quiz
Score 0/10 Timer 05:00
6 Plays Today
% Correct
Men walk on the moon
94.7%
US President assassinated
90.4%
Henry VIII of England executes his wife
85.4%
US and UK wage war in North America
82.7%
Napoleon Bonaparte is exiled
79.5%
Athens hosts the modern Olympic Games
74.5%
Brazil wins the World Cup
73.1%
Marie Curie wins a Nobel Prize
66.2%
Rome is sacked
52.5%
Mt. Vesuvius erupts
38.9%
Remove Ads.
Support Sporcle.
Get the best of Sporcle when you Go Orange. This ad-free experience offers more features, more stats, and more fun while also helping to support Sporcle. Thank you for becoming a member.

You're not logged in!

Compare scores with friends on all Sporcle quizzes.
OR
Log In

Show Comments

Extras

Top Quizzes Today


Score Distribution

Your Account Isn't Verified!

In order to create a playlist on Sporcle, you need to verify the email address you used during registration. Go to your Sporcle Settings to finish the process.

Report this User

Report this user for behavior that violates our Community Guidelines.

Details: